000 00205 a2200097 4500
001 3574
100 _aAmos, D.W
245 _aRadio recevers & transmitters
260 _a
_bChapman
_c
090 _c2838
_d2838
942 _aNUST-CAE
_cM
_c20424
999 _c238647
_d238647